000 00990nam a2200277Ia 4500
000 nam a22 i 4500
001 UNACH-8098
007 ta
008 221212s ||||fr|||| 00| | spa d
020 _a978-6-07-442223-8
041 0 _aspa
082 0 4 _a519.4
_bCálculo numérico - Matemática Aplicada para Ingenieros
100 1 _aHagen, Kirk D.,
_eautor
245 1 0 _aIntroducción a la ingeniería enfoque de resolución de problemas.
264 3 1 _a[Madrid] :
_aEspaña :
_bPearson Educación S.A.,
_c[Fecha de publicación no identificada]
300 _a366 páginas :
_bilustraciones y tablas
336 _atexto
_btxt
_2rdacontent
337 _ano mediado
_bn
_2rdamedia
338 _avolumen
_bnc
_2rdacarrier
505 0 _aLa función del análisis en ingeniería.-- Dimensiones y unidades.
650 1 4 _aMETODOLOGIA DE ANALISIS
650 2 4 _aCALCULOS NUMERICOS
653 0 _aCálculo numérico - Matemática Aplicada para Ingenieros
942 _2ddc
_c1
_n0
999 _c6590
_d6590